Southville International School and Colleges
Your cart is empty.
  • Cart
  • Lists
    Public lists Eva Luna New books Lux_list list_1
    Your lists Log in to create your own lists
  • Log in to your account
  • Your cookies
  • Search history
Southville International School and Colleges
  • Advanced search
  • Recent comments
  • Most popular
  • Libraries

Log in to your account

Log in with GOOGLE


If you do not have an external account, but do have a local account, you can still log in:

  1. Home
  2. MARC view: Object-oriented systems analysis and design /
Normal view MARC view ISBD view

Object-oriented systems analysis and design / (Record no. 22669)

[ view plain ]
MARC details
000 -LEADER
fixed length control field 00641nam a2200217 a 4500
005 - DATE AND TIME OF LATEST TRANSACTION
control field 20140310183427.0
008 - FIXED-LENGTH DATA ELEMENTS--GENERAL INFORMATION
fixed length control field 071207s19uu xx 00 eng d
020 ## - INTERNATIONAL STANDARD BOOK NUMBER
International Standard Book Number 0132335700
050 ## - LIBRARY OF CONGRESS CALL NUMBER
Classification number QA 76.9.S88
Item number .Ob26 2007
100 ## - MAIN ENTRY--PERSONAL NAME
Personal name George, Joey F.
245 ## - TITLE STATEMENT
Title Object-oriented systems analysis and design /
Statement of responsibility, etc Joey F. George.
250 ## - EDITION STATEMENT
Edition statement 2nd ed.
260 ## - PUBLICATION, DISTRIBUTION, ETC. (IMPRINT)
Place of publication, distribution, etc New Jersey :
Name of publisher, distributor, etc Pearson Education Inc,
Date of publication, distribution, etc 2007.
300 ## - PHYSICAL DESCRIPTION
Extent 464 p. :
Other physical details ill. ;
Dimensions 28 cm.
521 ## - TARGET AUDIENCE NOTE
Target audience note
650 ## - SUBJECT ADDED ENTRY--TOPICAL TERM
Topical term or geographic name as entry element Object - oriented programming (Computer science).
650 ## - SUBJECT ADDED ENTRY--TOPICAL TERM
Topical term or geographic name as entry element System design.
650 ## - SUBJECT ADDED ENTRY--TOPICAL TERM
Topical term or geographic name as entry element System analysis.
942 ## - ADDED ENTRY ELEMENTS (KOHA)
Koha item type Books
Source of classification or shelving scheme Library of Congress Classification
Call number prefix Foreign
Holdings
Withdrawn status Lost status Source of classification or shelving scheme Damaged status Home library Current library Shelving location Date acquired Source of acquisition Total Checkouts Full call number Barcode Date last seen Copy number Price effective from Koha item type
    Library of Congress Classification   College Library College Library General Circulation Section 12/07/2007 Donation   QA 76.9.S88 .Ob26 2007 C8868 05/15/2018 1 03/10/2014 Books

Object-oriented systems analysis and design /

APA

George J. F., . (2007). Object-oriented systems analysis and design. New Jersey: Pearson Education Inc.

Chicago

George Joey F, . 2007. Object-oriented systems analysis and design. New Jersey: Pearson Education Inc.

Harvard

George J. F., . (2007). Object-oriented systems analysis and design. New Jersey: Pearson Education Inc.

MLA

George Joey F, . Object-oriented systems analysis and design. New Jersey: Pearson Education Inc. 2007.

  • Place hold
  • Print
  • Cite
  • Add to your cart (remove)
  • Save record
    BIBTEX Dublin Core MARCXML MARC (non-Unicode/MARC-8) MARC (Unicode/UTF-8) MARC (Unicode/UTF-8, Standard) MODS (XML) RIS
  • More searches
    Search for this title in:
    Other Libraries (WorldCat) Other Databases (Google Scholar) Online Stores (Bookfinder.com) Open Library (openlibrary.org)

Exporting to Dublin Core...

SOUTHVILLE LIBRARY

Southville International School and Colleges Library

1281 Tropical Ave. Cor. Luxembourg St., BF Homes International, Las Pinas City

Tel. No. 8256374 / 252358 Loc. 117/146

Powered by Koha